00802nam a2200229 450000100060000000300080000600500170001400800390003102000150007003500190008504000320010404100080013608200250014410000240016924501040019326000550029730000360035250400200038865000450040865000610045370000580051428639BD-RjUL20211209051317.0140331r19801973caua 001 0 eng a0876205163 a(BD-RjUL)28720 aDLCcDLCdDLCdBD-RjULbeng aeng00a621.381028bMOE 19801 aMottershead, Allen.10aLaboratory experiments for Electronic devices and circuits :ban introduction /cAllen Mottershead. aNew Delhi :bPrentice Hall,cc1973 [Reprint 1980]. axiv, 640 p. :billus. ;c28 cm. aIncludes Index. 0aElectronic circuitsxLaboratory manuals. 0aElectronic apparatus and appliancesxLaboratory manuals.1 aMottershead, Allen.tElectronic devices and circuits.